Mario Party DS Character Roster - Statistics

General Stats
  • This quiz has been taken 43 times
  • The average score is 8 of 8
Answer Stats
Answer % Correct
Luigi
97%
Mario
97%
Peach
97%
Toad
97%
Wario
97%
Waluigi
94%
Yoshi
91%
Daisy
88%
No matching quizzes found
Score Distribution
Percent of People with Each Score
Percentile by Number Answered
Your Score History
You have not taken this quiz